=LDR 00000nam 2200000 4500 =001 INLIS000000000015855 =005 20210201083221 =035 ##$$a 0010-061300000015855 =008 210201################g##########0#ind## =041 ##$$a Ind =082 ##$$a 338.06 =090 ##$$a 338. 06, Sin p =100 ##$$a Sinungan, Muchdarsyah =245 1#$$a Produktifitas, apa dan bagaimana /$c Drs. Muchdarsyah Sinungan =260 ##$$a Jakarta :$b Bumi Aksara,$c 1995 =300 ##$$a xii, 154 hlm ; $c 21x14 cm =650 #4$$a Efisiensi - Produksi =850 ##$$a NBPNMAT =084 ##$$a 338.06 SIN p =250 ##$$a cet.1 =990 ##$$a 105.773/hd96 =990 ##$$a 117.208/pro97 =990 ##$$a 117.208/pro. 97 =990 ##$$a 105.773/hd96 =990 ##$$a 105.773/hd. 96 =990 ##$$a 117.208/pro. 97